000 00572nam a2200181 i 4500
001 57665
003 ES-MaACL
005 20250818173558.0
007 t|
008 031017s1924 sp ||||1| spa d
100 1 _aDornellas, Alfonso de.
_945415
245 1 0 _aIconografía de Camoes
_b: (seculos XVI é XVII) /
_cpor Alfonso de Dornellas.
260 _a[S.l. :
_bs.n.,
_c1924] (
_fCentro Tip. Colonial)
300 _a48 p. ;
_c26 cm.
600 1 4 _aCamões, Luís de,
_d1524?-1580
_9181622
852 _aES-MaACL
_j1678-F-5
_bR.47630
999 _c57665
_d57665